[Event "EU-Cup 13th final"]
[Site "Kazan"]
[Date "1997.12.29"]
[Round "2"]
[White "Yakovich, Yuri"]
[Black "Kharlov, Andrei"]
[Result "0-1"]
[WhiteElo "2610"]
[BlackElo "2565"]
[Annotator "Huzman,A"]
[PlyCount "108"]
[EventDate "1997.12.28"]
[EventType "team-k.o."]
[EventRounds "4"]
[EventCountry "RUS"]
[SourceTitle "EXT 2020"]
[Source "ChessBase"]
[SourceDate "2019.10.17"]
[SourceVersion "1"]
[SourceVersionDate "2019.10.17"]
[SourceQuality "1"]
[WhiteTeam "Azov Ladya"]
[BlackTeam "Kazan Sberbank-Tatarstan"]
[WhiteTeamCountry "RUS"]
[BlackTeamCountry "RUS"]

1. d4 d5 2. c4 dxc4 3. e4 Nc6 4. Nf3 Bg4 5. d5 Ne5 6. Bf4 Ng6 7. Be3 (7. Bg3 e5
(7... Nf6 8. Nc3 e6 9. Bxc4 exd5 10. Bxd5 $5 c6 11. Qa4 $1 Bxf3 12. gxf3 Be7
13. Bb3 O-O 14. e5 Nd7 15. Rd1 Qc8 16. Bxf7+ $1 $16 {Xu Jun-Nikolic,Ne
Belgrade GMA Open 1988}) 8. Bxc4 Bd6 9. Qb3 (9. Bb5+ Bd7 10. Bxd7+ Qxd7 11. Nc3
Nf6 12. O-O O-O 13. Rc1 b5 14. Qc2 Rfb8 15. Nd1 $1 b4 16. Ne3 Qb5 17. Nc4 $16 {
1/2-1/2 Timman,J-Lautier,J/Wijk cm6 1994 (48)} (17. Nd2 $5)) (9. h3 Bd7 10. h4
h5 11. Nc3 a6 12. Be2 Nf6 13. Nd2 b5 14. Rc1 Qe7 15. a3 Nf4 16. Kf1 g6 17. Nb3
O-O 18. Kg1 c6 $15 {Volkov,S-Ibragimov,I/RUS-Cup8 1997/1-0 (60)}) 9... Nf6 10.
Bb5+ Kf8 11. Nfd2 Nh5 12. Nc3 Nhf4 13. Bf1 h5 14. h4 Bc5 15. Nc4 Rh6 16. f3 Bd7
17. Nxe5 Nxe5 18. Bxf4 Rb6 19. Qc2 Qf6 20. Qd2 Rb4 21. O-O-O Rd4 22. Bxe5 Qxe5
$44 {0-1 Mikhalchishin,A-Vorotnikov,V/Lvov 1983 (40)}) 7... e5 8. Bxc4 (8. Nc3
Nf6 9. Bxc4 Bd6 (9... a6 10. h3 (10. Be2 Bd6 11. Nd2 Bxe2 12. Qxe2 O-O 13. O-O
Qd7 (13... Nd7 14. Nb3 Qe7 15. Rac1 Rfc8 16. Rc2 Nf4 17. Qd2 a5 18. g3 Nh5 19.
Nb5 $14 {Podgaets,M-Raetsky,A/Biel op MTO 1997/1-0 (68)}) 14. f3 Rfc8 15. Rfd1
Ne8 16. Nb3 h6 17. Rac1 Kh7 18. Rc2 Rcb8 19. Rdc1 b5 20. Na5 $14 {
Azmaiparashvili,Z-Piket,J/Wijk op 1993/0-1 (64)}) 10... Bd7 11. h4 (11. O-O Bd6
12. Nd2 O-O 13. Re1 Ne8 14. Bf1 Be7 15. Nc4 Nd6 16. Nxd6 Bxd6 17. Rc1 Qh4 18.
g3 Qe7 19. Bg2 h6 20. Nb1 f5 $132 {1/2-1/2 Razuvaev,Y-Ibragimov,I/Dortmund
op-A 1992/TD 92\03 (26)}) 11... h5 12. Ng5 Bd6 13. f3 Qe7 14. Qe2 O-O 15. Bb3
Bc5 16. Rc1 Rac8 17. g3 c6 $10 {Varga,Z-Magem Badals,J/EU-chT 1992/1/2-1/2 (54)
}) 10. h3 Bd7 11. Qc2 O-O 12. O-O-O a6 13. Rhe1 Qe7 14. Kb1 Rfc8 15. Bf1 b5 16.
Nd2 c5 $36 {Boensch,U-Gofshtein,L/Herzliya 1993/1-0 (50)}) 8... a6 (8... Bd6 9.
Qa4+ (9. h3 Bd7 10. h4 h6 11. h5 Nf8 12. Nh4 Ne7 13. g4 b5 14. Bb3 c6 15. Nc3
b4 16. dxc6 Bxc6 17. Nd5 Ne6 18. Rc1 Bxd5 19. exd5 Nf8 20. Ba4+ Nd7 21. Rc6 $1
$16 {1-0 Smyslov,V-Semkov,S/Roma op 1990 (33)}) (9. Bb5+ Kf8 10. Be2 Nf6 11.
Nfd2 Bd7 12. g3 h5 13. h4 Ng4 14. Bxg4 Bxg4 15. Qb3 b6 16. Nc3 a6 17. f3 Bd7
18. Nc4 $14 {Nikolaidis,I-Valkesalmi,K/Moscow olm 1994/1-0 (48)}) 9... Kf8 10.
Nbd2 Nf6 11. Be2 h6 12. h3 Bd7 13. Bb5 Bc8 14. Rc1 $14 {1-0 Zilberstein,
V-Ibragimov,I/Katowice op 1990 (35)}) 9. O-O (9. h3 Bd7 10. h4 Bd6 11. h5 N6e7
12. h6 gxh6 13. Nc3 Ng6 14. Qd2 Qe7 15. O-O-O O-O-O 16. Kb1 Nf6 17. Qe2 Rdg8
18. Nd2 Ng4 19. Bxa6 bxa6 20. Qxa6+ Kd8 21. Qa8+ Bc8 22. Nc4 Nxe3 23. fxe3 Qd7
$13 {1/2-1/2 Alterman,B-Nikolic,N/Zagreb zt 1993 (31)}) 9... Nf6 10. Be2 Bd6
11. Nfd2 Bd7 12. Nc3 O-O 13. a3 (13. Rc1 Qe7 14. a3 b5 15. Nb3 Nf4 (15... c6
16. dxc6 Bxc6 17. Na5 $1 $16 Bxe4 $140 18. Nxe4 Nxe4 19. Bf3 f5 20. Qd5+ Kh8
21. Bxe4 fxe4 22. Rfd1 $18) 16. Bf3 Kh8 (16... g5 $5) 17. Na2 g5 18. Nc5 Rg8 (
18... g4 19. Be2) 19. Nb4 $36 {<< 1-0 Karpov,A-Milov,V/Credit Suisse 1997 (34)}
) 13... Qe7 14. Nc4 ({The move} 14. Rc1 $5 {was more accurate-see game Karpov,
A-Milov,V,1997.The move done in the game gives the black opportunity either to
exchange black square bishops or to take the important diagonal c5-g1.}) 14...
Bc5 15. Bg5 (15. Bxc5 Qxc5 16. b4 Qd4 17. Rc1 (17. Qc2 Nf4 $1 18. Rfe1 Bb5 $1
$36) 17... Nf4 $15) (15. b4 Bxe3 16. Nxe3 $10) 15... Qd8 $1 (15... h6 $140 16.
d6 $1 Bxd6 17. Nd5 Qd8 (17... Qe6 $2 18. Bxf6 gxf6 19. Bg4 $18) 18. Nxf6+ gxf6
19. Bxh6 Re8 20. Nxd6 $18) 16. Rc1 (16. Qb3 h6 $1 (16... b5 17. Na5 Bb6 (17...
h6 $2 18. Nb7 $16) 18. Nc6 Bxc6 19. dxc6 Qd6 20. a4 $132) 17. Bxf6 Qxf6 18.
Qxb7 Qg5 19. Kh1 (19. Qxc7 $2 Bh3 20. Bf3 Nh4 $19) 19... Nf4 20. Bf3 Bg4 $1 $40
) 16... Bd4 17. Bf3 Bb5 $6 (17... h6 $142 $5 18. Bd2 Nh4 $36 (18... Bb5 19. Qb3
Bxc4 20. Qxc4 Ne8 {-see game.})) 18. Qb3 Bxc4 19. Qxc4 h6 20. Bd2 (20. Bxf6 $1
Qxf6 21. Qxc7 Nh4 22. Bg4 $1 (22. Be2 Qg6 (22... Rac8 23. Qd7 $1 (23. Qxb7 Qg6
24. g3 Bxc3 25. Rxc3 Rxc3 26. bxc3 Qxe4 27. gxh4 Qxe2 $132) 23... Qf4 (23...
Qg5 24. Qg4 $16) 24. Qg4 Bxf2+ 25. Kh1 $14) 23. g3 Bxc3 24. Qxc3 Qxe4 25. gxh4
Qxe2 26. Rfe1 Qg4+ 27. Qg3 $10) 22... Qf4 (22... Qg5 23. Bh3 Nf3+ 24. Kh1 Nd2
25. Rfd1 Bxc3 26. Rxc3 Nxe4 27. Rc2 $16) 23. Bh3 Bxf2+ 24. Kh1 $16) 20... Ne8
$1 21. Nd1 (21. Ne2 Bb6 $36 (21... Bxb2 22. Rb1 Nd6 23. Qb4 Bd4 24. Nxd4 exd4
25. Qxd4 $16)) 21... Bb6 22. a4 (22. Be3 $1 Nd6 23. Qc2 Nh4 (23... Bxe3 24.
Nxe3 Nb5 25. Nf5 Rc8 26. a4 Nd6 27. Bg4 $16) 24. Bg4 f5 25. Bxb6 cxb6 26. exf5
(26. Bxf5 Ndxf5 27. exf5 Qxd5 28. Ne3 Qf7 29. Qe4 Nxf5 30. Nxf5 (30. Qxe5 Rae8
31. Qxf5 Qxf5 32. Nxf5 Rxf5 33. f3 Rc5 $1 34. Kf2 Rec8 $10) 30... Qxf5 31. Qxb7
$14) 26... Nhxf5 (26... Rc8 27. Qd2 (27. Nc3 Qg5 28. Qe2 Ndxf5 $1 $132 (28...
h5 29. Bh3 Ndxf5 30. f4 exf4 31. Qe6+ Kh8 32. Ne4 Nf3+ 33. Kh1 Rxc1 34. Rxc1
Qh4 35. Qxb6 N3d4 $132) (28... Nhxf5 29. Bxf5 (29. f4 $2 exf4 30. Qe6+ Kh8 31.
Bxf5 f3 $1 (31... Nxf5 32. Ne4 Qd8 33. Rxc8 Qxc8 34. Qxc8 Rxc8 35. Rxf4 $14)
32. Rc2 Nxf5 $40) 29... Qxf5 30. Rfe1 $14)) 27... Rxc1 (27... Ne4 28. Rxc8 Nxd2
29. Rxd8 Rxd8 30. Re1 Rxd5 31. f6 Kf7 32. fxg7 Kxg7 33. Nc3 $16) 28. Qxc1 Nhxf5
29. Re1 $14) 27. Ne3 Rc8 28. Qd2 $14) 22... Nd6 23. Qc2 Nh4 24. Be2 (24. a5 $2
Nxf3+ 25. gxf3 Bd4 26. Qxc7 Qf6 27. Kg2 (27. Qd7 Qxf3 28. Qxd6 Qg4+ 29. Kh1
Qxe4+ 30. Kg1 (30. f3 Qd3 $19) 30... Qg4+ 31. Kh1 Qe2 $19) 27... Nxe4 28. fxe4
Qg6+ 29. Kf3 Qh5+ 30. Kg3 Qe2 $19 (30... f5 $5 $40)) 24... Qf6 25. Kh1 Rac8 (
25... Qg6 $2 26. g3 Qxe4+ 27. Qxe4 Nxe4 28. Bb4 Nf5 29. a5 $1 $18) 26. f3 Bd4
27. g3 (27. Ne3 $5 $14) 27... Ng6 28. Qb3 $6 h5 $1 29. h4 Qd8 $1 {Weakening
king's side of the white,the black prepare breakthrough f7-f5 and get serious
initiative.} 30. Ne3 Nf4 $1 31. Rfe1 (31. Bd1 $2 Qd7 $17) (31. gxf4 Qxh4+ 32.
Kg2 exf4 33. Be1 Qg5+ $19) 31... Nxe2 32. Rxe2 Qd7 33. Kg2 Bxe3 $1 (33... f5 $2
34. Nxf5 Nxf5 35. exf5 Kh8 36. g4 $16) (33... Kh8 34. Bb4 $1) 34. Bxe3 (34.
Rxe3 $142 f5 35. exf5 Qxf5 36. Bb4 Rf7 37. Qc2 Re8 $10) 34... f5 35. exf5 Rxf5
36. Bc5 (36. Rec2 Qf7 37. Bg5 e4 38. fxe4 Nxe4 39. Qxb7 Rf2+ 40. Kg1 Rf8 41.
Bf4 Rxf4 42. gxf4 Qxf4 43. Qb3 Rf6 $40) 36... Rcf8 37. Rc3 g5 $1 38. Bxd6 cxd6
39. hxg5 (39. Qb4 $5) 39... Rxg5 40. Qc4 Qf7 $15 (40... Qg7 41. Qh4 Rf4 42. Qh3
) 41. Kh2 Rf5 42. Qe4 Kh8 43. Rec2 (43. Kg2 Rg8) 43... h4 (43... Rxf3 44. Rc7
Qg8 $17) 44. Rc8 $6 (44. Rg2 $142 Rg8 45. gxh4 Rf4 46. Rxg8+ Qxg8 47. Qe1 Rxa4
$17) 44... hxg3+ 45. Kg2 Qh5 $1 46. Rxf8+ Rxf8 47. Kxg3 Rg8+ 48. Kf2 Qh3 $1 $40
49. Ke3 Rg1 $1 50. Qc4 Qh6+ 51. Kd3 Qh5 $1 (51... Qh1 52. Qc8+ Rg8 53. Qf5) 52.
Qc8+ $4 (52. Qe4 Qh3 $1 $40 (52... Rd1+ 53. Ke2 Rd4 54. Rc8+ Kg7 55. Rc7+ Kf8
56. Qh7)) 52... Rg8 53. Qe6 Qxf3+ 54. Kc4 Rg4+ 0-1

[Event "DEN-ch"]
[Site "Aarhus"]
[Date "1999.04.01"]
[Round "6"]
[White "Hansen, Curt"]
[Black "Schandorff, Lars"]
[Result "1-0"]
[WhiteElo "2608"]
[BlackElo "2527"]
[Annotator "Huzman,A"]
[PlyCount "121"]
[EventDate "1999.03.??"]
[EventType "tourn"]
[EventRounds "9"]
[EventCountry "DEN"]
[EventCategory "10"]
[SourceTitle "CBM 071"]
[Source "ChessBase"]
[SourceDate "1999.08.01"]
[SourceVersion "1"]
[SourceVersionDate "1999.08.01"]
[SourceQuality "1"]

1. d4 d5 2. c4 dxc4 3. e4 e5 4. Nf3 exd4 5. Bxc4 Nc6 6. O-O Be6 7. Bxe6 fxe6 8.
Qb3 Qd7 9. Qxb7 Rb8 10. Qa6 Nf6 11. Nbd2 Bd6 12. Qd3 O-O {[%cal Yf6g4,Yg4e5]}
13. h3 $5 $146 e5 (13... Nb4 $2 14. Qc4 {[%cal Ge4e5]}) 14. Nc4 (14. a3 Ne7 15.
Nc4 Ng6 16. b4 Nh5 $36 {>>}) 14... Nb4 15. Qb3 (15. Qd1 Nxe4 (15... Qb5 16. Qb3
Nc6 17. Qxb5 Rxb5 18. Re1 Nb4 $36) 16. Re1 Qf5 17. Qe2 Nxf2 $1 $17) 15... Nbd5
16. Qd1 Nxe4 17. Nfxe5 Bxe5 18. Nxe5 Qe6 19. Qxd4 Rb4 20. Nc4 $8 Nb6 21. b3
Nxc4 22. Re1 $1 (22. bxc4 Rxc4 $1 (22... c5 23. Qd5 Qxd5 24. cxd5 Rd4 25. Be3
Rxd5 26. Rfc1 $14) (22... Qxc4 23. Qxa7 Ra4 24. Qe3 $16) 23. Qxa7 $140 (23. Qe3
$5 $11) 23... Nxf2 $1 (23... Rc2 24. Be3 $16) 24. Ba3 (24. Be3 Nxh3+ $1 25.
gxh3 Qg6+ 26. Kh2 Qd6+ 27. Kh1 Qc6+ $1 28. Kg1 Ra8 $19) 24... Nxh3+ (24... Rc2
25. Rae1 $1 (25. Bxf8 Nxh3+ 26. Kh1 (26. Kh2 Qe4 $19) (26. gxh3 Qg6+ $19) 26...
Qh6 $19) 25... Nxh3+ $1 (25... Qg6) 26. Kh2 Rxg2+ 27. Kxg2 Qg4+ (27... Qd5+ 28.
Kh2 Qd2+ 29. Kxh3 Qh6+ 30. Kg3 Qg6+ $11) 28. Kh1 (28. Kh2 Nf4 29. Rxf4 Qxf4+
30. Kh1 Qh4+ 31. Kg2 Qxe1 $19) 28... Nf4 29. Qg1 Qh5+ 30. Qh2 Qd5+ 31. Kg1 Qg5+
$11) 25. gxh3 Qg6+ (25... Rg4+ 26. hxg4 Qxg4+ $11) 26. Kh1 Qc6+ $11) 22... Re8
23. bxc4 Qxc4 (23... Rxc4 24. Qxa7 $16) (23... c5 24. Qd5 Qxd5 25. cxd5 Rd4 26.
f3 Nd6 27. Rxe8+ Nxe8 28. Be3 Rxd5 29. Rc1 $18) 24. Qd1 (24. Qxc4+ Rxc4 25. f3
(25. Be3 c5 $14) 25... Nd6 26. Rxe8+ Nxe8 27. Be3 c5 28. Rd1 $14) (24. Qd7 Rbb8
25. Bb2 Qf7 $14) 24... Rbb8 (24... Qf7 25. Be3 $14 {[%cal Ga1c1]}) 25. Be3 $14
c5 26. Qd7 a6 (26... Qf7 27. Qxf7+ Kxf7 28. f3 $16) 27. Rec1 Qe6 (27... Nc3 28.
Kh1 {[%cal Gc1c2,Ga1c1,Gc1c5]}) 28. Qxe6+ Rxe6 29. Rc2 $1 $16 {[%csl Rc5][%cal
Gf2f3] This endgame is very unpleasant for Black as Bishop is stronger than
Knight,c5 pawn is weak. Also somewhere weakness of position of Black`s King
can tell.} Rb5 30. Rac1 Ra5 31. f3 Ng3 $2 (31... Ra3 $1 32. Re1 (32. Bf4 Nf6
33. Rd2 Ra4 $132) 32... Nf6 33. Kf2 c4 $14 {/+/-}) 32. Kf2 Nh5 (32... Nf5 33.
Bxc5 $18) 33. g4 Nf6 34. Bxc5 $18 Nd5 35. Rd2 Nf6 36. Bb4 Rb5 37. Rc4 $1 h6 38.
a4 Rb7 39. Bc3 Kf7 40. h4 {[%csl Rg7,Rh6][%cal Gh4h5,Gc3g7,Gg7h6]} Nd7 41. h5
Nb6 42. Rf4+ Ke8 43. a5 Nc8 44. Bb4 {[%cal Gf4f8]} (44. Rfd4 $5 Rc7 45. Rd8+
Kf7 46. R8d7+ Rxd7 47. Rxd7+ Re7 48. Rxe7+ Nxe7 49. Ke3 $18) 44... Ne7 45. Re2
$1 Rxe2+ 46. Kxe2 {[%cal Gf4e4,Ge4e8]} Kd7 47. Bc3 Ke6 48. Bxg7 Nd5 49. Re4+
Kf7 50. Be5 Rb5 51. Ra4 Rb3 52. Kf2 Nb4 53. Bd6 Nd5 54. Bf4 Rb2+ 55. Kg3 Nc3
56. Rc4 Ne2+ 57. Kh4 Rb3 58. Bxh6 Rxf3 59. Rc7+ Kg8 60. Rg7+ Kh8 61. Re7 1-0

[Event "Tan Chin Nam Cup 3rd "]
[Site "Beijing"]
[Date "1997.08.18"]
[Round "9"]
[White "Zhu, Chen"]
[Black "Lin, Weiguo"]
[Result "1/2-1/2"]
[WhiteElo "2515"]
[BlackElo "2470"]
[Annotator "Huzman,A"]
[PlyCount "62"]
[EventDate "1997.08.11"]
[EventType "tourn"]
[EventRounds "11"]
[EventCountry "CHN"]
[EventCategory "12"]
[SourceTitle "CBM 061"]
[Source "ChessBase"]
[SourceDate "1997.11.23"]
[SourceVersion "1"]
[SourceVersionDate "1997.11.23"]
[SourceQuality "1"]

1. d4 d5 2. c4 dxc4 3. e4 e5 4. Nf3 exd4 5. Bxc4 Nc6 6. O-O Be6 7. Bxe6 fxe6 8.
Qb3 Qd7 9. Qxb7 Rb8 10. Qa6 Bd6 (10... Nf6 11. e5 (11. Nbd2 Bb4 (11... Bd6 12.
a3 O-O 13. b4 Ng4 14. Qa4 a5 15. bxa5 d3 16. Ra2 Ra8 17. a6 Nce5 18. Qxd7 Nxd7
19. h3 Nge5 20. Nxe5 Nxe5 21. Bb2 Rxa6 22. Bxe5 Bxe5 23. Rd1 Rd8 24. a4 Bc3 25.
Nf3 Bb4 26. Kf1 c5 27. Ne5 d2 28. Ke2 Rd4 29. Ke3 Bc3 30. Rc2 Bb4 31. Nd3 Rxa4
32. Nxb4 Rdxb4 33. f3 Ra3+ {1/2-1/2 Rogozenko,D-Ibragimov,I/Berliner Sommer
1995/EXP 47}) 12. Nc4 (12. Qd3 Bxd2 13. Bxd2 Rxb2 14. Rac1 O-O 15. Rc5 Ng4 16.
Bc1 Nb4 17. Qc4 Rc2 18. Qxb4 Qd6 19. Qxd4 Qxc5 20. Qxc5 Rxc5 21. Ba3 Ra5 22.
Bxf8 Kxf8 23. Nd4 e5 24. Ne6+ Kf7 25. Nxc7 Rxa2 26. h3 Nf6 {Amura,C-Gonzalez
Garcia,J/Mexico City m 1997/EXP 58/1/2-1/2 (40)}) 12... O-O 13. a3 Bc5 14. b4
Bb6 15. b5 Ne7 16. Nfe5 Qe8 17. Re1 Ng6 18. Nd3 Nh4 19. Bf4 Nxe4 20. Bg3 Nxg3
21. hxg3 Nf5 22. a4 Ne3 23. Nce5 Nc2 24. Nc6 Nxa1 25. Rxa1 Ra8 26. Re1 e5 27.
Rxe5 Qf7 28. a5 Qb3 29. Ncb4 Rae8 30. Rxe8 Rxe8 31. Kh2 Qf7 32. axb6 Qh5+ 33.
Kg1 Qd1+ 34. Kh2 Qh5+ {1/2-1/2 Karpov,A-Anand,V/Dos Hermanas 1997/CBM 59/
[Anand]}) 11... Nd5 12. Nbd2 Bc5 13. Ne4 Bb6 14. a3 O-O 15. Qd3 Rf5 16. Ng3
Nxe5 17. Nxe5 Rxe5 18. f4 Re3 19. Bxe3 Nxe3 20. Rf3 Qd5 21. Ne4 c5 22. b3 Ba5
23. Rb1 Rf8 24. Rc1 Bb6 25. h3 {Milov,V-Sermek,D/Biel op 1994/TD 94\02/1/2-1/2
(55)}) 11. e5 $5 (11. Nbd2 $5 e5 12. a3 Nf6 13. b4 $14) 11... Nxe5 (11... Bxe5
$5 12. Nxe5 Nxe5 13. Qxa7 Nc6 14. Qc5 Nf6 15. Rd1 Qd6 $11) 12. Nxe5 Bxe5 13.
Qxa7 Rd8 14. Nd2 {[%csl Rc7,Rd4][%cal Gd2f3,Gd2c4]} Ne7 (14... d3 15. Nf3 (15.
Re1 Bf6) 15... Bf6 16. Rd1 (16. Bf4 $5 Ne7 (16... Bxb2 17. Rab1 Bf6 18. Rb7 $16
) 17. Rac1 c6 18. Qa3 (18. Qxd7+ Rxd7 $11) 18... O-O 19. Rfd1 $14) 16... Ne7
17. Ne1 Nc6 18. Qa3 Ne5 19. Bf4 Nc4 20. Qxd3 Nxb2 21. Qxd7+ Rxd7 $11) 15. Nf3
Bf6 16. Bf4 O-O 17. Qxc7 Qb5 $1 $44 {[%cal Yb5b2,Ye7d5,Yd4d3]} 18. a4 (18. Bd6
$5 {[%cal Gc7c5,Gd6e7]} Nd5 (18... Rd7 19. a4 $1 Rxc7 20. axb5 Rb7 21. Rfd1
Rxb5 (21... Rd8 22. Be5 Rxb5 23. Rxd4 Rxd4 24. Bxd4 Bxd4 25. Nxd4 Rxb2 26. Nxe6
$14 {/+/-}) 22. Nxd4 Bxd4 23. Rxd4 Nf5 24. Bxf8 Nxd4 25. Ba3 $16) 19. Qc5 $16)
18... Qxb2 19. Be5 (19. Rfb1 Qc3 $11) 19... Nd5 20. Qc6 Rfe8 21. Bxf6 Nxf6 22.
a5 d3 23. Rfd1 (23. a6 d2 $132 {[%cal Yb2a1]}) 23... Nd5 (23... Ng4 24. Qb6 Rb8
25. Qxb2 Rxb2 26. Rxd3 Nxf2 27. Rd7 $16) 24. Qc1 Qc2 $1 $11 25. Ne1 (25. Qxc2
dxc2 26. Rdc1 Nb4 $36) 25... Qxc1 26. Raxc1 Nf4 {[%cal Yf4e2,Yd3d2]} 27. Rc4 e5
28. f3 Rd5 29. g3 Ne2+ 30. Kf1 Rxa5 31. Rxd3 Nd4 1/2-1/2

[Event "RUS-chT 06th"]
[Site "St Petersburg"]
[Date "1999.05.22"]
[Round "7"]
[White "Volkov, Sergey"]
[Black "Rublevsky, Sergei"]
[Result "1-0"]
[WhiteElo "2587"]
[BlackElo "2684"]
[Annotator "Huzman,A"]
[PlyCount "65"]
[EventDate "1999.05.16"]
[EventType "team-tourn"]
[EventRounds "9"]
[EventCountry "RUS"]
[SourceTitle "EXT 2020"]
[Source "ChessBase"]
[SourceDate "2019.10.17"]
[SourceVersion "1"]
[SourceVersionDate "2019.10.17"]
[SourceQuality "1"]
[WhiteTeam "Smolensk TsEM"]
[BlackTeam "Kazan Sberbank-Tatarstan"]
[WhiteTeamCountry "RUS"]
[BlackTeamCountry "RUS"]

1. d4 d5 2. c4 dxc4 3. e4 e5 4. Nf3 exd4 5. Bxc4 Bb4+ 6. Bd2 Bxd2+ 7. Nbxd2 Nc6
8. O-O Qf6 9. b4 Nge7 10. b5 Nd8 11. e5 Qg6 12. Nxd4 Ne6 13. N2b3 (13. Nxe6
Bxe6 14. Bxe6 (14. Rc1 Rd8 (14... O-O $5 15. Bxe6 fxe6 16. Rxc7 Nd5 $44) 15.
Bxe6 Qxe6 16. Qc2 O-O 17. Nf3 $14 {1-0 Gurevich,M-Romanishin,O/Barcelona 1992/
Inf 54/[Gurevich,M] (41)}) 14... fxe6 15. Nc4 Nd5 16. Ne3 Rd8 17. Nxd5 Rxd5 18.
Qe2 O-O 19. Rac1 {1/2-1/2 Savchenko,S-Rublevsky,S/Russian Club Cup, Maikop RUS
1998 (19)}) 13... Nxd4 14. Nxd4 Bg4 15. Qb3 Rd8 16. Ne2 O-O 17. Rae1 $1 {
[%cal Ge5e6]} (17. Rad1 c6 $1 18. e6 (18. bxc6 Nxc6 $11) 18... Bxe6 19. Nf4 Qf6
20. Rxd8 Rxd8 21. Nxe6 fxe6 22. bxc6 (22. Bxe6+ Kh8 23. bxc6 Nxc6 24. Bd5 b6
$11) 22... Nxc6 23. Qxb7 Na5 $11 {1/2-1/2 Dreev,A-Rublevsky,S/St. Petersburg
1999/CBM 71_07 (28)}) 17... Qh6 $6 {[%cal Yh6f4]} (17... c6 18. Nf4 Qg5 19. e6
$1 f6 20. g3 $16) (17... Bxe2 $5 18. Bxe2 (18. Rxe2 Nf5) 18... Nf5 (18... Nd5
19. Bf3 Qe6 20. Rc1 $5 (20. Re4 Rfe8 21. Rc1 $14) 20... Qxe5 21. Rfe1 Qf5 22.
Red1 c6 23. bxc6 bxc6 24. Rxc6 $14) (18... Rfe8 19. Bc4 c6 20. e6 $36) 19. Bd3
Qh5 20. Qc2 $16) (17... Nf5 $5 18. e6 $140 Bxe2 19. exf7+ Kh8 20. Bxe2 Rxf7 $14
) 18. Qa4 $1 {[%cal Ga4g4,Ga4a7]} Ng6 (18... Bxe2 19. Rxe2 Qf4 20. Re4 $1 (20.
e6 $5) 20... Qf5 21. f3 Nc8 22. Qc2 $36 {[%cal Ge5e6]}) 19. Ng3 Nf4 20. Re4 $1
$16 g5 $5 (20... Rd2 21. Qxa7 $16) (20... a6 $5 21. bxa6 (21. Bb3 axb5 22. Qxb5
(22. Qb4 Be6 $1 23. Rxf4 $140 c5 $19) 22... Bd7 $1 {[%cal Yd7c6,Yc6g2]} 23. Qc4
Ne6 (23... Nxg2 24. Kxg2 (24. e6 Bxe6 25. Rxe6 fxe6 26. Qxe6+ Qxe6 27. Bxe6+
Kh8 28. Kxg2 Rfe8 $15) 24... Bh3+ 25. Kg1 Bxf1 26. Nxf1 $16) 24. f4 $36) 21...
Bd7 22. Qb3 (22. Qb4 Bc6 (22... bxa6 23. Rd1 Bc6 24. Bxf7+ $1 $18) 23. axb7 $1
Rb8 24. Bb5 $1 Nd5 $1 (24... Rxb7 25. Rxf4 Rxb5 26. Nf5 $1 $18) (24... Bxe4 25.
Qxe4 Rfd8 26. Bc4 $16) 25. Qc5 (25. Nf5 Qe6 (25... Qg5 26. Qxf8+ Kxf8 27. Bxc6
Nc3 28. e6 (28. Re3 Qxf5 29. Rxc3 $16) 28... Nxe4 (28... fxe6 29. Nd4 $1) 29.
e7+ Kg8 30. e8=Q+ Rxe8 31. Bxe8 Qd8 32. Rb1 $18) 26. Qc5 Bxb5 27. Nd4 Qg6 $19)
25... Bxb5 26. Qxb5 Nc3 27. Qd3 Nxe4 28. Qxe4 Qa6 29. Rb1 $44) 22... bxa6 (
22... Bc6 23. axb7 Bxe4 24. Nxe4 Qg6 25. Qf3 Qf5 26. g3 $1 Nh3+ 27. Kg2 Qxf3+
28. Kxf3 $16) 23. Qe3 g5 24. Rd4 $14) 21. Qxa7 Bh3 $1 22. gxh3 (22. Rxf4 gxf4
23. gxh3 fxg3 24. hxg3 $44) 22... Qxh3 23. Rxf4 gxf4 24. Qxb7 fxg3 25. hxg3 Rd4
$2 (25... Qf5 $1 26. e6 (26. f4 Rd2 27. Qf3 Rfd8 $36) 26... fxe6 27. Qc6 Kh8
28. Bxe6 Qe5 $132 {[%cal Yd8d2]}) 26. Qc6 (26. Qxc7 $2 Rh4 27. Bxf7+ Kh8 28.
gxh4 Qg4+ 29. Kh2 Qxh4+ $11) 26... Qg4 (26... Qd7 27. Qxd7 Rxd7 28. e6 $18) (
26... Qf5 27. e6 $1 $18) 27. Bb3 $18 {[%cal Ge5e6]} Qe2 $2 (27... Qg5 28. Qxc7
Re4 29. b6 $18) 28. e6 $1 fxe6 29. Bxe6+ Kh8 30. Qc5 $18 Rdf4 31. gxf4 Rg8+ 32.
Kh2 Qxf1 33. Qd4+ (33. Qd4+ Rg7 34. Qd8+ Rg8 35. Qxg8#) 1-0